<?xml version="1.0" encoding="UTF-8"?><?xml-stylesheet type="text/xsl" href="static/style.xsl"?><OAI-PMH xmlns="http://www.openarchives.org/OAI/2.0/" xmlns:xsi="http://www.w3.org/2001/XMLSchema-instance" xsi:schemaLocation="http://www.openarchives.org/OAI/2.0/ http://www.openarchives.org/OAI/2.0/OAI-PMH.xsd"><responseDate>2026-04-17T18:46:47Z</responseDate><request verb="GetRecord" identifier="oai:www.recercat.cat:2072/477505" metadataPrefix="marc">https://recercat.cat/oai/request</request><GetRecord><record><header><identifier>oai:recercat.cat:2072/477505</identifier><datestamp>2025-05-08T15:55:25Z</datestamp><setSpec>com_2072_98</setSpec><setSpec>col_2072_378192</setSpec></header><metadata><record xmlns="http://www.loc.gov/MARC21/slim" xmlns:dcterms="http://purl.org/dc/terms/" xmlns:xsi="http://www.w3.org/2001/XMLSchema-instance" xmlns:doc="http://www.lyncode.com/xoai" xsi:schemaLocation="http://www.loc.gov/MARC21/slim http://www.loc.gov/standards/marcxml/schema/MARC21slim.xsd">
   <leader>00925njm 22002777a 4500</leader>
   <datafield ind2=" " ind1=" " tag="042">
      <subfield code="a">dc</subfield>
   </datafield>
   <datafield ind2=" " ind1=" " tag="720">
      <subfield code="a">López García, José Ramón</subfield>
      <subfield code="e">author</subfield>
   </datafield>
   <datafield ind2=" " ind1=" " tag="720">
      <subfield code="a">Universitat Autònoma de Barcelona. Grup de Recerca Estudis de l'Exili Literari - GEXEL</subfield>
      <subfield code="e">author</subfield>
   </datafield>
   <datafield ind2=" " ind1=" " tag="260">
      <subfield code="c">2019</subfield>
   </datafield>
   <datafield ind2=" " ind1=" " tag="520">
      <subfield code="a">Dossier III Jornadas de Laberintos: Vicente Llorens, historiador de los exilios culturales españoles.</subfield>
   </datafield>
   <datafield ind2=" " ind1=" " tag="520">
      <subfield code="a">Entre 1940 y 1960, Vicente Llorens elaboró una visión del exilio como constante histórica de la «discontinuidad cultural española », perspectiva que aplica en El desterrado y su mundo, un estudio y antología poética que nunca concluyó. En los últimos años del franquismo y primeros de la Transición democrática, Llorens revisó estas ideas en varios trabajos sobre Jorge Guillén, Pedro Salinas y Rafael Alberti, ejemplos de una obra que preservaba principios fundamentales de la tradición liberal y que, tanto por los sectores oficiales como por la llamada «poesía social», no había sido convenientemente valorada en el sistema cultural del interior.</subfield>
   </datafield>
   <datafield ind2=" " ind1=" " tag="520">
      <subfield code="a">Between 1940 and 1960, Vicente Llorens elaborated a vision of exile as historical constant of the «Spanish cultural discontinuity», a perspective that applied in El desterrado y su mundo, a study and poetic anthology that never ended. In the last years of the Francoist Regime and first years of the Spanish transition to democracy, Llorens reviewed these ideas in several essays on Jorge Guillén, Pedro Salinas and Rafael Alberti, examples of a work that preserved the fundamental values of the liberal tradition and that, as much on the part of the official sectors as on the part of the so-called «social poetry», had not been valued conveniently in the Spanish cultural system.</subfield>
   </datafield>
   <datafield tag="653" ind2=" " ind1=" ">
      <subfield code="a">Poesía española S.XX</subfield>
   </datafield>
   <datafield tag="653" ind2=" " ind1=" ">
      <subfield code="a">Poesía española del exilio</subfield>
   </datafield>
   <datafield tag="653" ind2=" " ind1=" ">
      <subfield code="a">Vicente Llorens</subfield>
   </datafield>
   <datafield tag="653" ind2=" " ind1=" ">
      <subfield code="a">Jorge Guillén</subfield>
   </datafield>
   <datafield tag="653" ind2=" " ind1=" ">
      <subfield code="a">Pedro Salinas</subfield>
   </datafield>
   <datafield tag="653" ind2=" " ind1=" ">
      <subfield code="a">Rafael Alberti</subfield>
   </datafield>
   <datafield tag="653" ind2=" " ind1=" ">
      <subfield code="a">Twentieth-Century Spanish Poetry</subfield>
   </datafield>
   <datafield tag="653" ind2=" " ind1=" ">
      <subfield code="a">Spanish Poetry of Exile</subfield>
   </datafield>
   <datafield ind2="0" ind1="0" tag="245">
      <subfield code="a">Vicente Llorens, Crítico de la Poesía del Exilio Republicano de 1939</subfield>
   </datafield>
</record></metadata></record></GetRecord></OAI-PMH>